| 000 | 00479nam a22001817a 4500 | ||
|---|---|---|---|
| 999 |
_c3603 _d3603 |
||
| 003 | GBCCL | ||
| 005 | 20241126110458.0 | ||
| 008 | 171130b xxu||||| |||| 00| 0 eng d | ||
| 020 | _a81-7214-727-9 | ||
| 040 | _cgbc | ||
| 082 |
_a253.7 _bPAS |
||
| 245 | _aA Pastor's Handbook for the Church of North India | ||
| 250 | _a2nd Ed. | ||
| 260 |
_aDelhi: _bI.S.P.C.K, _c2003 |
||
| 300 |
_a145p.; _c20 cm. |
||
| 650 |
_aPastoral theology _vHandbook _xNorth India _97174 |
||
| 942 |
_2ddc _cBK |
||